Szczegóły MARC21

Matematyka w zadaniach dla wyższych zawodowych uczelni ekonomicznych /

005 -DATA I CZAS OSTATNIEJ MODYFIKACJI [,]
    • @
    • pole kontrolne
    • 20070315155141.9
020 -Międzynarod. znormalizowany nr książki - ISBN [ , ]
    • a
    • Numer ISBN
    • 8389073730 Find
040 -Instytucja sporządzająca opis [ , ]
    • a
    • Instytucja, która sporządziła opis (NP)
    • SZCZ U
    • c
    • Instytucja, która sporządziła rekord (NP)
    • SZCZ U
041 -Język dokumentu [0, ]
    • a
    • Język tekstu (P)
    • polski
    • h
    • Język tekstu oryginalnego i/lub pośredniego (P)
    • polski
942 -Rodzaj dokumentu [ , ]
    • c
    • Rodzaj dokumentu
    • Książka
100 -Hasło główne - nazwa osobowa [ , ]
    • a
    • Nazwa osobowa (NP)
    • BAŻAŃSKA, TERESA
245 -Strefa tytułu i oznaczenia odpowiedzialności [1, ]
    • a
    • Tytuł
    • Matematyka w zadaniach dla wyższych zawodowych uczelni ekonomicznych / Find
    • c
    • Pozostałe elementy strefy tytułu i oznaczenia odpowiedzialności (NP)
    • Teresa Bażańska, Maria Nykowska.
260 -Strefa adresu wydawniczego [ , ]
    • a
    • Miejsce wydania (P)
    • Bydgoszcz ; Warszawa :
    • b
    • Nazwa wydawcy (P)
    • "Branta",
    • c
    • Data wydania (P)
    • 2004.
300 -Strefa opisu fizycznego [ , ]
    • a
    • Określenie formy książki i/lub objętość (NP)
    • 488 s. :
    • b
    • Oznaczenie ilustracji (NP)
    • wykr. :
    • c
    • Format (NP)
    • 24 cm.
500 -Uwaga ogólna [ , ]
    • a
    • Uwaga ogólna (NP)
    • Ind
080 -Uniwersalna Klasyfikacja Dziesiętna [ , ]
    • a
    • Symbol klasyfikacji
    • 51(075.8)
980 -Symbol UKD [ , ]
    • a
    • UKD
    • 51(075.8)
700 -Hasło dodatkowe - nazwa osobowa [ , ]
    • a
    • Nazwa osobowa (NP)
    • Nykowska Maria Find
920 -ISBN [ , ]
    • a
    • ISBN
    • 83-89073-73-0 Find
Sygnatura Numer inwentarzowy Status udost. Lokalizacja Data inwentaryzacji
T.8417T.8417-2T2005-02-24
 TM.2956-2T2005-02-24